| 000 | 00581nam a2200205Ia 4500 | ||
|---|---|---|---|
| 003 | OSt | ||
| 005 | 20220107122741.0 | ||
| 008 | 130318s9999 xx 000 0 und d | ||
| 020 | _a9788126538874 | ||
| 040 | _cIIITM-K | ||
| 082 | _a658.404 KER/P | ||
| 100 |
_aKerzner, Harold _94611 |
||
| 245 |
_aProject management: _bA systems approach to planning scheduling and controlling _cby Harold Kerzner |
||
| 250 | _a10th ed. | ||
| 260 |
_bWiley, _aNew Delhi, _c2009. |
||
| 300 | _axxiv, 1094p. | ||
| 650 |
_aMANAGEMENT _94612 |
||
| 650 |
_aPROJECT MANAGEMENT _94613 |
||
| 942 |
_2ddc _cBK |
||
| 999 |
_c3978 _d3978 |
||